The Social Worker's Practice Manual (Record no. 81872)
[ view plain ]
| 000 -LEADER | |
|---|---|
| fixed length control field | 00808nam a22002777a 4500 |
| 003 - CONTROL NUMBER IDENTIFIER | |
| control field | URS |
| 005 - DATE AND TIME OF LATEST TRANSACTION | |
| control field | 20250128180638.0 |
| 008 - FIXED-LENGTH DATA ELEMENTS--GENERAL INFORMATION | |
| fixed length control field | 250123b |||||||| |||| 00| 0 eng d |
| 020 ## - INTERNATIONAL STANDARD BOOK NUMBER | |
| International Standard Book Number | 978-1-83997-806-7 |
| 020 ## - INTERNATIONAL STANDARD BOOK NUMBER | |
| International Standard Book Number | 978-1-83997-805-0 |
| 040 ## - CATALOGING SOURCE | |
| Transcribing agency | URS |
| 050 00 - LIBRARY OF CONGRESS CALL NUMBER | |
| Classification number | HV 40 |
| Item number | .T3711 2023 |
| 100 1# - MAIN ENTRY--PERSONAL NAME | |
| Personal name | Thompson, Neil |
| 245 10 - TITLE STATEMENT | |
| Title | The Social Worker's Practice Manual |
| Statement of responsibility, etc | Thompson, Neil |
| 250 ## - EDITION STATEMENT | |
| Edition statement | First Edition |
| 264 #1 - PUBLICATION, DISTRIBUTION, ETC. (IMPRINT) | |
| Place of publication, distribution, etc | manila |
| Name of publisher, distributor, etc | Publisher In Great Britain by Jessica Kingsley |
| Date of publication, distribution, etc | @2023 |
| 300 ## - PHYSICAL DESCRIPTION | |
| Extent | 288 pages, |
| Other physical details | illustrations |
| Dimensions | 23cm. |
| 336 ## - CONTENT TYPE | |
| Source | rdacontent |
| Content type term | Text |
| 337 ## - MEDIA TYPE | |
| Source | rdamedia |
| Media type term | unmediated |
| 338 ## - CARRIER TYPE | |
| Source | rdacarrier |
| Carrier type term | volume |
| 504 ## - BIBLIOGRAPHY, ETC. NOTE | |
| Bibliography, etc | Includes Index |
| 650 ## - SUBJECT ADDED ENTRY--TOPICAL TERM | |
| Source of heading or term | Social service-- Manual. |
| 650 ## - SUBJECT ADDED ENTRY--TOPICAL TERM | |
| Source of heading or term | Social workers'-- Manual. |
| 700 ## - ADDED ENTRY--PERSONAL NAME | |
| Personal name | Neil, Thompson |
| 942 ## - ADDED ENTRY ELEMENTS (KOHA) | |
| Source of classification or shelving scheme | Library of Congress Classification |
| Koha item type | Filipiniana |
| Withdrawn status | Lost status | Source of classification or shelving scheme | Damaged status | Not for loan | Home library | Current library | Shelving location | Date acquired | Total Checkouts | Full call number | Barcode | Date last seen | Copy number | Price effective from | Koha item type |
|---|---|---|---|---|---|---|---|---|---|---|---|---|---|---|---|
| Library of Congress Classification | Rodriguez College Library | Rodriguez College Library | Foreign Section | 01/22/2025 | HV 40 .T3711 2023 | URSROD-5271 | 01/23/2025 | 1 | 01/23/2025 | Foreign Books |